The adventorous of Toad
| Main Author: | |
|---|---|
| Format: | Book |
| Published: |
Australia :
Red Fox Book ,
1992
|
| Subjects: |
MARC
| LEADER | 00000cam a2200000 7i4500 | ||
|---|---|---|---|
| 001 | 0000032221 | ||
| 005 | 20031210.0 | ||
| 008 | 031210s1992 | ||
| 020 | |a 0099204819 | ||
| 090 | 0 | 0 | |a JF ANI |
| 100 | 1 | |a Panin, Colin | |
| 245 | 1 | 4 | |a The adventorous of Toad |c Colin Panin |
| 260 | |a Australia : |b Red Fox Book , |c 1992 | ||
| 300 | |a 24p. : |b ill.col. ; |c 16cm. | ||
| 650 | 0 | 0 | |a Junior fiction -english |
| 999 | |a 05089 |b Buku |c Koleksi Pinjaman Kanak-Kanak |e Perbadanan Perpustakaan Awam Melaka | ||